000 01058cam a2200253 i 4500
999 _c58406
_d58406
001 20045289
005 20221108164028.0
008 171003s2017 enk b 000 0 eng
020 _a9781138201507x
041 _aeng
080 _a376.2 C-90
100 1 _aCronin, Mark
_913407
245 1 0 _aPoverty and inclusion in early years education /
_cMark Cronin, Karen Argent, and Chris Collett.
264 1 _aLondon ;
_bRoutledge, Taylor & Francis Group
_c2017.
300 _a163 pages :
_billustrations ;
_c22 cm.
504 _aIncludes bibliographical references.
650 0 _aChildren with social disabilities
_xEducation (Early childhood)
_913408
653 _aსოციალური შეზღუდული შესაძლებლობის მქონე ბავშვები
653 _aДети с социальной инвалидностью
653 _aპედაგოგიკა
700 1 _aArgent, Karen
_eავტორი
_913410
700 1 _aCollett, Chris
_eავტორი
_913411
942 _2udc
_cBK